Rajpal Sanchhipta Hindi Shabda Kosha (Record no. 2146)

000 -LEADER
fixed length control field 00329nam a2200133Ia 4500
008 - FIXED-LENGTH DATA ELEMENTS--GENERAL INFORMATION
fixed length control field 180730s9999||||xx |||||||||||||| ||und||
020 ## - INTERNATIONAL STANDARD BOOK NUMBER
International Standard Book Number 8170282675
082 ## - DEWEY DECIMAL CLASSIFICATION NUMBER
Classification number 823
Item number BAH/R
100 ## - MAIN ENTRY--PERSONAL NAME
Personal name Bahari, Hardev
245 #0 - TITLE STATEMENT
Title Rajpal Sanchhipta Hindi Shabda Kosha
260 ## - PUBLICATION, DISTRIBUTION, ETC.
Place of publication, distribution, etc. Delhi
Name of publisher, distributor, etc. Raj Pal & Sons
Date of publication, distribution, etc. 2003
300 ## - PHYSICAL DESCRIPTION
Extent 497p
942 ## - ADDED ENTRY ELEMENTS (KOHA)
Institution code [OBSOLETE] BK
Holdings
Withdrawn status Lost status Damaged status Not for loan Collection code Permanent Location Current Location Date acquired Cost, normal purchase price Full call number Barcode Date last seen Price effective from Koha item type
        School of Animation (Noida) MUIT-NOIDA MUIT-NOIDA 2018-07-30 90.00 823 BAH/R ANM00195 2018-07-30 2018-07-30 Donated Books

All Rights Reserved@MUIT

Powered by Koha